GIS-basierte Rauigkeitsableitung für Hochwassersimulationen: eine Sensitivitätsanalyse mit Orthophotos, Laserscanning und freien Geodaten
Saved in:
| Main Authors: | , , |
|---|---|
| Format: | Chapter/Article Conference Paper |
| Language: | English |
| Published: |
Tübingen
2013
|
| In: |
AKFE-Sitzung 2013 in Tübingen
Year: 2013, Pages: 1-2 |
| Subjects: | |
| Online Access: | Verlag, kostenfrei, Volltext: https://arbeitskreis-fernerkundung.de/images/archiv/2013_tuebingen/pdf/akfe_sitzung_2013_tuebingen_vortrag_praesentation_dorn_vetter_hoefle.pdf |
| Author Notes: | Helen Dorn, Michael Vetter, Bernhard Höfle |
MARC
| LEADER | 00000caa a2200000 c 4500 | ||
|---|---|---|---|
| 001 | 1930346921 | ||
| 003 | DE-627 | ||
| 005 | 20260312145628.0 | ||
| 007 | cr uuu---uuuuu | ||
| 008 | 250711s2013 xx |||||o 00| ||eng c | ||
| 035 | |a (DE-627)1930346921 | ||
| 035 | |a (DE-599)KXP1930346921 | ||
| 035 | |a (OCoLC)1527667490 | ||
| 040 | |a DE-627 |b ger |c DE-627 |e rda | ||
| 041 | |a eng | ||
| 084 | |a 61 |2 sdnb | ||
| 100 | 1 | |a Dorn, Helen |e VerfasserIn |0 (DE-588)1057904279 |0 (DE-627)795391986 |0 (DE-576)41391058X |4 aut | |
| 245 | 1 | 0 | |a GIS-basierte Rauigkeitsableitung für Hochwassersimulationen |b eine Sensitivitätsanalyse mit Orthophotos, Laserscanning und freien Geodaten |c Helen Dorn, Michael Vetter, Bernhard Höfle |
| 264 | 1 | |a Tübingen |c 2013 | |
| 300 | |a 2 Seiten |b Karten | ||
| 300 | |a 2 | ||
| 336 | |a Text |b txt |2 rdacontent | ||
| 337 | |a Computermedien |b c |2 rdamedia | ||
| 338 | |a Online-Ressource |b cr |2 rdacarrier | ||
| 500 | |a Gesehen am 12.03.2025 | ||
| 655 | 7 | |a Konferenzschrift |0 (DE-588)1071861417 |0 (DE-627)826484824 |0 (DE-576)433375485 |2 gnd-content | |
| 700 | 1 | |a Vetter, Michael |e VerfasserIn |0 (DE-588)1057905437 |0 (DE-627)795394780 |0 (DE-576)413912310 |4 aut | |
| 700 | 1 | |a Höfle, Bernhard |e VerfasserIn |0 (DE-588)1019895403 |0 (DE-627)691049297 |0 (DE-576)358986753 |4 aut | |
| 710 | 2 | |a Deutsche Gesellschaft für Geographie |b Arbeitskreis für Fernerkundung |e VeranstalterIn |0 (DE-588)10160577-8 |0 (DE-627)524052859 |0 (DE-576)261560875 |4 orm | |
| 773 | 0 | 8 | |i Enthalten in |a Deutsche Gesellschaft für Geographie. Arbeitskreis für Fernerkundung |t AKFE-Sitzung 2013 in Tübingen |d Tübingen, 2013 |g (2013), Seite 1-2 |w (DE-627)1965095674 |7 nnam |
| 773 | 1 | 8 | |g year:2013 |g pages:1-2 |g extent:2 |a GIS-basierte Rauigkeitsableitung für Hochwassersimulationen eine Sensitivitätsanalyse mit Orthophotos, Laserscanning und freien Geodaten |
| 856 | 4 | 0 | |u https://arbeitskreis-fernerkundung.de/images/archiv/2013_tuebingen/pdf/akfe_sitzung_2013_tuebingen_vortrag_praesentation_dorn_vetter_hoefle.pdf |x Verlag |z kostenfrei |3 Volltext |7 0 |
| 951 | |a AR | ||
| 992 | |a 20250711 | ||
| 993 | |a ConferencePaper | ||
| 994 | |a 2013 | ||
| 998 | |g 1019895403 |a Höfle, Bernhard |m 1019895403:Höfle, Bernhard |d 120000 |d 120700 |e 120000PH1019895403 |e 120700PH1019895403 |k 0/120000/ |k 1/120000/120700/ |p 3 |y j | ||
| 998 | |g 1057904279 |a Dorn, Helen |m 1057904279:Dorn, Helen |d 120000 |d 120700 |e 120000PD1057904279 |e 120700PD1057904279 |k 0/120000/ |k 1/120000/120700/ |p 1 |x j | ||
| 999 | |a KXP-PPN1930346921 |e 4745188439 | ||
| BIB | |a Y | ||
| JSO | |a {"origin":[{"dateIssuedDisp":"2013","publisherPlace":"Tübingen","dateIssuedKey":"2013"}],"title":[{"subtitle":"eine Sensitivitätsanalyse mit Orthophotos, Laserscanning und freien Geodaten","title_sort":"GIS-basierte Rauigkeitsableitung für Hochwassersimulationen","title":"GIS-basierte Rauigkeitsableitung für Hochwassersimulationen"}],"language":["eng"],"person":[{"role":"aut","display":"Dorn, Helen","given":"Helen","family":"Dorn"},{"display":"Vetter, Michael","role":"aut","given":"Michael","family":"Vetter"},{"role":"aut","display":"Höfle, Bernhard","family":"Höfle","given":"Bernhard"}],"name":{"displayForm":["Helen Dorn, Michael Vetter, Bernhard Höfle"]},"corporate":[{"display":"Deutsche Gesellschaft für Geographie","role":"orm"}],"note":["Gesehen am 12.03.2025"],"relHost":[{"part":{"extent":"2","pages":"1-2","text":"(2013), Seite 1-2","year":"2013"},"recId":"1965095674","disp":"Deutsche Gesellschaft für Geographie. Arbeitskreis für FernerkundungAKFE-Sitzung 2013 in Tübingen","origin":[{"publisherPlace":"Tübingen","dateIssuedKey":"2013","dateIssuedDisp":"2013"}],"id":{"eki":["1965095674"]},"title":[{"title":"AKFE-Sitzung 2013 in Tübingen","title_sort":"AKFE-Sitzung 2013 in Tübingen","subtitle":"2. Gemeinsamer Workshop der AK Auswertung von Fernerkundungsdaten der DGPF e.V., Fernerkundung der DGfG e.V. in Tübingen"}],"language":["eng"],"corporate":[{"role":"aut","display":"Deutsche Gesellschaft für Geographie"}],"note":["Gesehen am 12.03.2026"],"type":{"bibl":"book","media":"Online-Ressource"}}],"recId":"1930346921","id":{"eki":["1930346921"]},"type":{"bibl":"chapter","media":"Online-Ressource"},"physDesc":[{"noteIll":"Karten","extent":"2 S."}]} | ||
| SRT | |a DORNHELENVGISBASIERT2013 | ||